Ingeniería termodinámica: fundamentos y aplicaciones

Na minha lista:
Detalhes bibliográficos
Autor principal: Huang, Francis F (Autor)
Formato: Livro
Idioma:espanhol
Publicado em: Ciudad de México Continental 1994
Edição:2a. ed
Assuntos:
Tags: Adicionar Tag
Sem tags, seja o primeiro a adicionar uma tag!

MARC

LEADER 00000cam a2200000 a 4500
001 UCN3404
003 CL-VaPUC
008 010622e19940000MX |||||||||||||||||spa|d
020 |a 9682612462 
082 0 4 |a 621.4021  |b HUA  |2 21 
100 0 |a Huang, Francis F  |e author  |9 459940 
245 1 0 |a Ingeniería termodinámica: fundamentos y aplicaciones 
250 |a 2a. ed 
300 |a 864 p 
942 |c BK 
945 |d 20010622 00:00:00  |a vberengu 
260 |a Ciudad de México  |b Continental  |c 1994 
650 0 |a Entropía  |9 262675 
650 7 |a PROPIEDADES TERMODINAMICAS  |2 CL-VaPUC  |9 357585 
650 0 |a Termodinámica   |9 259320 
583 |a last modification  |c 20120822 12:16:08  |k Rodrigo Vera 
999 |c 296309  |d 296307 
952 |0 0  |1 0  |4 0  |6 621_402100000000000_HUA_1994  |7 0  |8 A  |9 349987  |a BIBMEC  |b BIBMEC  |d 2019-11-20  |i 4884647  |o 621.4021 HUA 1994  |p 4884647  |r 2024-01-19  |w 2019-11-20  |y BK  |k MEC